| 000 | 01406nam a2200253Ia 4500 | ||
|---|---|---|---|
| 999 |
_c34448 _d34448 |
||
| 001 | 192 | ||
| 003 | GE_BSU | ||
| 005 | 20230502114732.0 | ||
| 008 | 181216s2007||||ge |||||||||||||| ||geo|| | ||
| 020 | _a9789994068272 | ||
| 040 | _cGE_BSU | ||
| 041 | _ageo | ||
| 080 | _a336 ს–60 | ||
| 100 |
_aსმითი, ადამ _914535 |
||
| 245 |
_aგამოკვლევა ხალხთა სიმდიდრის ბუნებისა და მიზეზების შესახებ = An Inquiry into the Nature and Causes of the Wealth of Nations. _bტ.1 / _cადამ სმითი; თარგმნილი ინგლისურიდან ფ. გოგიჩაიშვილის მიერ. |
||
| 264 |
_aთბილისი : _b ილია ჭავჭავაძის სახელმწ. უნ-ტის გამ-ბა, _c2007. |
||
| 300 |
_a504 გვ.; _b27 სმ. |
||
| 500 | _a შენიშვნები: გვ. 502-504. | ||
| 653 | _aხალხთა კეთილდღეობა | ||
| 653 | _aსიმდიდრე | ||
| 653 | _a შრომის დანაწილება; ხელფასი; მიწის რენტა; კაპიტალის დაგროვება | ||
| 700 |
_aგოგიჩაიშვილი, ფ. _eმთარგმნელი _914536 |
||
| 942 |
_cBK _2udc |
||